Biblioteka Instytutu Północnego w Olsztynie

Widok standardowy Widok MARC

Pozycja Personal Name

Liczba rekordów, w których użyto hasła: 2

001 - Numer kontrolny

  • control field: 40315

003 - Identyfikator numeru kontrolnego

  • control field: NUKAT

005 - Data i czas ostatniej modyfikacji

  • control field: 20260420061958.0

008 - Dane kontrolne kodowane (40 znaków)

  • fixed length control field: 050120n||azznnbabn |a aaa |

010 ## - Numer kontrolny Biblioteki Kongresu

  • numer kontrolny LC: p 2004411231

024 7# - OTHER STANDARD IDENTIFIER

  • Standard number or code: 30330778
  • Source of number or code: viaf

035 ## - Numer systemowy

  • numer systemowy: a11817264

035 ## - Numer systemowy

  • numer systemowy: (PL)a0000001181726

040 ## - Instytucja sporządzająca rekord

  • inst. przygot. dane do rek. khw: WA N
  • język haseł przedmiotowych/tezaurus: DBN
  • inst. wprow. rek. khw: WA N

043 ## - Kod obszaru geograficznego

  • ISO code: PL

046 ## - Special dates

  • Birth date: 1755
  • Death date: 1818

100 1# - Hasło - nazwa osobowa

  • nazwa osobowa w formie ujednoliconej: Dąbrowski, Jan Henryk
  • daty biograficzne: (1755-1818)

368 ## - Other Attributes

  • Title of person: Generałowie

370 ## - Associated place

  • Country: Polska

372 ## - Field of activity

  • Field: Wojsko

373 ## - Associated Group

  • Associated group: Legiony Polskie (1797-1801)

374 ## - Occupation

  • Occupation: Żołnierze

375 ## - Gender

  • Gender: 1
  • Source of term: iso5218

377 ## - Assoc lang

  • Lang code: pol

400 1# - Trop zob. - nazwa osobowa

  • nazwa osobowa (nazwisko, imiona): Dąbrowski, Henryk
  • daty biograficzne: (1755-1818)

670 ## - Źródło informacji

  • źródło informacji: NEP 1995

670 ## - Źródło informacji

  • źródło informacji: EPWN online
Biblioteka Instytutu Północnego, ul. Partyzantów 87, 10-402 Olsztyn, email: biblioteka(at)ip.olsztyn.pl